| 000 | 01393cam a22002894a 4500 | ||
|---|---|---|---|
| 001 | 12267068 | ||
| 005 | 20220224092234.0 | ||
| 008 | 001228s2001 flua 000 0 eng | ||
| 010 | _a 00143876 | ||
| 020 | _a1558748954 (hc) | ||
| 020 | _a1558748946 (tradepaper) | ||
| 040 |
_aDLC _cDLC _dDLC |
||
| 042 | _apcc | ||
| 050 | 0 | 0 |
_aPN6071.F3C48 2001 _bC48 2001 |
| 245 | 0 | 0 |
_aChicken soup for the father's soul : _bstories to open the hearts and rekindle the spirits of fathers / _cJack Canfield ... [et al.]. |
| 260 |
_aDeerfield Beach, Fla. : _bHealth Communications, _cc2001. |
||
| 300 |
_axvii, 365 p. : _bill. _c22 cm. |
||
| 650 | 0 |
_aFathers _vLiterary collections. |
|
| 650 | 0 |
_aFatherhood _vLiterary collections. |
|
| 700 | 1 |
_aCanfield, Jack, _d1944- |
|
| 856 | 4 | 2 |
_3Publisher description _uhttp://www.loc.gov/catdir/enhancements/fy0727/00143876-d.html |
| 856 | 4 | 1 |
_3Sample text _uhttp://www.loc.gov/catdir/enhancements/fy0727/00143876-s.html |
| 856 | 4 | 2 |
_3Contributor biographical information _uhttp://www.loc.gov/catdir/enhancements/fy0735/00143876-b.html |
| 906 |
_a7 _bcbc _corignew _d1 _eocip _f20 _gy-gencatlg |
||
| 942 |
_2lcc _cBOOKS _hPN6071.F3C48 2001 |
||
| 999 |
_c31165 _d31165 |
||